| 000 | 00726nam a22002657a 4500 | ||
|---|---|---|---|
| 001 | BR2014005560 | ||
| 003 | BR-BrBNA | ||
| 005 | 20230928104459.0 | ||
| 007 | ta | ||
| 008 | 230509b bl.||||| |||| 00| 0 por d | ||
| 040 |
_aBR-BrBNA _bpor _cBiblioteca Nacional de Agricultura |
||
| 041 | _a(Por) | ||
| 072 | _aE14 | ||
| 090 | _ E14 BR2014005560 | ||
| 110 | 1 |
_aFundação de Seguridade Social dos Sistemas Embrapa e Embrater, Brasília, DF (Brasil) _95129 |
|
| 245 | 1 | _aRelatório | |
| 260 | 3 |
_aBrasília, DF (Brasil): _c1999. |
|
| 300 | _a84 p. | ||
| 650 | _aADMINISTRAÇÃO DE EMPRESA | ||
| 650 | _aCONTABILIDADE | ||
| 650 | _aGESTÃO | ||
| 650 | _aNORMA | ||
| 909 |
_a202309 _bLucia _c55 _dLucia Elande |
||
| 942 | _cBK | ||
| 999 |
_c80155 _d80155 |
||